header

Implementing email security and tokens (Record no. 37998)

MARC details
000 -LEADER
fixed length control field 01217nam a2200301Ia 4500
100 1# - MAIN ENTRY--AUTHOR NAME
Personal name Turner, Sean.
245 10 - TITLE STATEMENT
Title Implementing email security and tokens
260 ## - PUBLICATION, DISTRIBUTION, ETC. (IMPRINT)
Place of publication Indianapolis, IN :
Name of publisher Wiley,
Year of publication c2008.
300 ## - PHYSICAL DESCRIPTION
Number of Pages xv, 296 p. :
Other physical details ill., charts.
650 #0 - SUBJECT ADDED ENTRY--TOPICAL TERM
Topical Term Electronic mail systems
Topical Term Computer security.
700 1# - ADDED ENTRY--PERSONAL NAME
Personal name Housley, Russ,
856 40 - ELECTRONIC LOCATION AND ACCESS
Uniform Resource Identifier http://site.ebrary.com/lib/rucke/Doc?id=10232940

No items available.

© 2026 Rongo University
Contact us: librarian | system librarian | Rongo university